000 00698nam a2200217 a 4500
001 000043312
005 20240530073922.0
008 140305s2013 dr 000 f spa d
020 _a9789945165951
040 _aDO-SdBNP
_bspa
_cBNPHU
082 _aRD863.44
_bG934c
100 1 _aGuerrero, Laureano,
_d1952-
_977343
245 1 0 _aCheché :
_bnovela /
_cLaureano Guerrero.
260 _aSanto Domingo :
_bSantuario,
_c2013.
300 _a201 p. ;
_c24 cm.
500 _aIncluye datos biográficos del autor en la solapa de la cubierta
590 _aInventariado, 2019/BT
650 0 _aNovela dominicana
_9223
650 0 _aLiteratura dominicana.
_967
910 _aValidado. Control de calidad MFF
999 _c42801
_d42801